000 00940nam a22002057a 4500
003 OSt
005 20160620110557.0
008 150408b xxu||||| |||| 00| 0 eng d
040 _cBMC
082 _a658
100 1 _939264
_aQuiñónez Vásquez, Patricio Adalberto
245 1 0 _aPasantía de asistente en el departamento de finanzas de El Centro Juvenil El Salvador-Corea de Koica
_b; informe final
_cPatricio Adalberto Quiñónez Vásquez
260 _aSanta Ana (El Salvador)
_bUniversidad Católica de El Salvador
_c2016
300 _a41 h.
_c28 cm
_e+ 1 disco compacto
500 _aPrecede al tít.: Universidad Católica de El Salvador, Facultad de Ciencias Empresariales
502 _aTrabajo de graduación para optar al grado académico de Licenciatura en Administración de Empresas
650 2 4 _94915
_aGestión
710 2 _91067
_aUniversidad Católica de El Salvador
_bFacultad de Ciencias Empresariales
942 _2ddc
_cTG
999 _c25327
_d25327